A business case for sustainability in the construction industry (Record no. 72736)

MARC details
000 -LEADER
fixed length control field 01031cam a2200229 4500
001 - CONTROL NUMBER
control field ABS66665
008 - FIXED-LENGTH DATA ELEMENTS--GENERAL INFORMATION
fixed length control field 030523n2003 000 0 eng u
035 ## - SYSTEM CONTROL NUMBER
System control number (Sirsi) u122379
100 ## - MAIN ENTRY--PERSONAL NAME
Personal name Heywood, A.
245 #2 - TITLE STATEMENT
Title A business case for sustainability in the construction industry
260 ## - PUBLICATION, DISTRIBUTION, ETC.
Date of publication, distribution, etc. 2003
490 ## - SERIES STATEMENT
Series statement RICS Quantity Surveying and Construction Faculty Feature
Volume/sequential designation 1 May 2003 (2)
520 ## - SUMMARY, ETC.
Summary, etc. Feature arguing that sustainability makes commercial sense for the construction industry on the grounds of cost savings, reputation and shareholder and stakeholder value. Government initiatives and the statutory framework also mean that the industry must take action to integrate sustainable practices into its everyday activities.
590 ## - LOCAL NOTE (RLIN)
Local note ABS
650 ## - SUBJECT ADDED ENTRY--TOPICAL TERM
Topical term or geographic name entry element EGAN REFORMS
650 ## - SUBJECT ADDED ENTRY--TOPICAL TERM
Topical term or geographic name entry element ENVIRONMENTAL PERFORMANCE INDICATORS
650 ## - SUBJECT ADDED ENTRY--TOPICAL TERM
Topical term or geographic name entry element KEY PERFORMANCE INDICATORS
650 ## - SUBJECT ADDED ENTRY--TOPICAL TERM
Topical term or geographic name entry element RESPECT FOR PEOPLE INDICATORS
650 ## - SUBJECT ADDED ENTRY--TOPICAL TERM
Topical term or geographic name entry element SUSTAINABLE CONSTRUCTION
690 ## - LOCAL SUBJECT ADDED ENTRY--TOPICAL TERM (OCLC, RLIN)
Topical term or geographic name as entry element BUILDING AND CONSTRUCTION-SUSTAINABLE
942 ## - ADDED ENTRY ELEMENTS (KOHA)
Suppress in OPAC 0
Holdings
Withdrawn status Lost status Source of classification or shelving scheme Damaged status Not for loan Home library Current library Shelving location Date acquired Total Checkouts Full call number Barcode Date last seen Copy number Price effective from Koha item type
    Dewey Decimal Classification     London London Journal article 23/05/2003   ABS66665 122379-2001 06/08/2019 1 06/08/2019 Journal article
    Dewey Decimal Classification     Virtual Virtual Online 23/05/2003   ONLINE PUBLICATION 122379-1001 06/08/2019 1 06/08/2019 Journal article